[Event "MSR2018s4"]
[Site "?"]
[Date "2018.04.24"]
[Round "6.13"]
[White "Novomeska, Karin"]
[Black "Mrmusova, Magdalena"]
[Result "0-1"]
[BlackElo "1132"]
[WhiteElo "1217"]
[LiveChessVersion "1.4.8"]

1. d4 {[%clk 1:30:58]} d6 {[%clk 1:30:48]} 2. e4 {[%clk 1:27:04]} Nf6
{[%clk 1:31:03]} 3. Nc3 {[%clk 1:27:26]} g6 {[%clk 1:31:14]} 4. Nf3
{[%clk 1:26:59]} Bg7 {[%clk 1:31:04]} 5. Bc4 {[%clk 1:24:02]} O-O
{[%clk 1:31:18]} 6. O-O {[%clk 1:24:12]} Bg4 {[%clk 1:31:19]} 7. h3
{[%clk 1:21:50]} Bxf3 {[%clk 1:31:32]} 8. Qxf3 {[%clk 1:21:57]} Nc6
{[%clk 1:31:41]} 9. Rd1 {[%clk 1:18:52]} Qc8 {[%clk 1:20:39]} 10. Bf4
{[%clk 1:10:53]} Nd7 {[%clk 1:15:55]} 11. Qe3 {[%clk 1:04:28]} e5
{[%clk 1:14:13]} 12. dxe5 {[%clk 1:03:46]} dxe5 {[%clk 1:13:29]} 13. Bh6
{[%clk 1:03:00]} Nd4 {[%clk 1:08:38]} 14. Bxg7 {[%clk 1:00:12]} Kxg7
{[%clk 1:07:16]} 15. Qd2 {[%clk 0:56:14]} f5 {[%clk 1:06:11]} 16. f4
{[%clk 0:54:57]} fxe4 {[%clk 1:05:09]} 17. fxe5 {[%clk 0:54:21]} c5
{[%clk 1:04:08]} 18. Nxe4 {[%clk 0:54:17]} Nxe5 {[%clk 1:03:02]} 19. Nxc5
{[%clk 0:53:44]} Nef3+ {[%clk 1:02:36]} 20. gxf3 {[%clk 0:52:05]} Nxf3+
{[%clk 1:02:41]} 21. Kg2 {[%clk 0:52:09]} Nxd2 {[%clk 1:02:53]} 22. Ne6+
{[%clk 0:50:56]} Kh6 {[%clk 1:00:37]} 23. Rxd2 {[%clk 0:50:14]} Qxc4
{[%clk 1:00:07]} 24. Re1 {[%clk 0:50:05]} Qc6+ {[%clk 0:59:49]} 25. Kh2
{[%clk 0:50:18]} Rfe8 {[%clk 0:59:12]} 26. Rde2 {[%clk 0:49:08]} Qd6+
{[%clk 1:00:38]} 27. Re5 {[%clk 0:48:44]} Rxe6 {[%clk 0:59:47]} 0-1

[Event "MSR2018s4"]
[Site "?"]
[Date "2018.04.24"]
[Round "6.14"]
[White "Filipiak, Magdalena"]
[Black "Holestiakova, Nina"]
[Result "1-0"]
[BlackElo "1039"]
[WhiteElo "1186"]
[LiveChessVersion "1.4.8"]

1. e4 {[%clk 1:30:55]} e5 {[%clk 1:30:53]} 2. Nf3 {[%clk 1:30:41]} Nf6
{[%clk 1:30:57]} 3. Nc3 {[%clk 1:30:46]} Nc6 {[%clk 1:31:15]} 4. Bc4
{[%clk 1:30:43]} Bc5 {[%clk 1:30:56]} 5. d3 {[%clk 1:30:22]} h6 {[%clk 1:31:13]}
6. Be3 {[%clk 1:28:37]} Bb6 {[%clk 1:31:09]} 7. O-O {[%clk 1:27:58]} d6
{[%clk 1:30:53]} 8. h3 {[%clk 1:27:59]} Be6 {[%clk 1:31:07]} 9. Bb3
{[%clk 1:28:01]} O-O {[%clk 1:31:24]} 10. Ne2 {[%clk 1:27:02]} Ne7
{[%clk 1:29:45]} 11. Ng3 {[%clk 1:26:20]} Ng6 {[%clk 1:29:47]} 12. Nh2
{[%clk 1:24:43]} Qd7 {[%clk 1:27:15]} 13. Qf3 {[%clk 1:24:52]} Nh4
{[%clk 1:22:45]} 14. Qe2 {[%clk 1:23:05]} Ng6 {[%clk 1:22:11]} 15. Nf3
{[%clk 1:21:25]} Rfe8 {[%clk 1:19:57]} 16. Qd2 {[%clk 1:19:37]} Kh7
{[%clk 1:19:16]} 17. c3 {[%clk 1:10:39]} c6 {[%clk 1:16:43]} 18. d4
{[%clk 1:10:53]} Bxb3 {[%clk 1:15:05]} 19. axb3 {[%clk 1:10:50]} exd4
{[%clk 1:14:09]} 20. Bxd4 {[%clk 1:08:57]} Nxe4 {[%clk 1:12:54]} 21. Nxe4
{[%clk 1:08:58]} Rxe4 {[%clk 1:12:01]} 22. Bxb6 {[%clk 1:06:40]} Nf4
{[%clk 1:08:42]} 23. Qc2 {[%clk 1:05:16]} d5 {[%clk 1:07:17]} 24. Nd2
{[%clk 1:03:05]} Ne2+ {[%clk 1:05:43]} 25. Kh2 {[%clk 1:00:17]} Qd6+
{[%clk 1:04:28]} 26. Kh1 {[%clk 0:59:33]} Qg6 {[%clk 1:02:41]} 27. Nxe4
{[%clk 0:59:34]} dxe4 {[%clk 1:02:18]} 28. Qxe2 {[%clk 0:59:46]} 1-0

[Event "MSR2018s4"]
[Site "?"]
[Date "2018.04.24"]
[Round "6.15"]
[White "Sosovickova, Martina"]
[Black "Horvathova, Hana"]
[Result "1/2-1/2"]
[BlackElo "1467"]
[WhiteElo "1169"]
[LiveChessVersion "1.4.8"]

1. e4 {[%clk 1:30:56]} e5 2. Nf3 {[%clk 1:31:10]} Nc6 {[%clk 1:26:05]} 3. Nc3
{[%clk 1:30:59]} Nf6 {[%clk 1:25:50]} 4. Bb5 {[%clk 1:31:18]} Bb4
{[%clk 1:25:41]} 5. O-O {[%clk 1:31:14]} d6 {[%clk 1:25:54]} 6. d4
{[%clk 1:30:55]} Bd7 {[%clk 1:25:33]} 7. Bg5 {[%clk 1:28:55]} h6 {[%clk 1:23:31]}
8. Be3 {[%clk 1:24:24]} Bxc3 {[%clk 1:21:03]} 9. bxc3 {[%clk 1:24:26]} Nxe4
{[%clk 1:21:21]} 10. Qd3 {[%clk 1:22:25]} Nf6 {[%clk 1:21:24]} 11. Bxc6
{[%clk 1:21:12]} Bxc6 {[%clk 1:21:36]} 12. dxe5 {[%clk 1:20:41]} dxe5
{[%clk 1:20:14]} 13. Nxe5 {[%clk 1:20:50]} Qd5 {[%clk 1:19:13]} 14. Qxd5
{[%clk 1:15:27]} Bxd5 {[%clk 1:19:24]} 15. c4 {[%clk 1:13:37]} Be6
{[%clk 1:19:11]} 16. Rad1 {[%clk 1:11:34]} a6 {[%clk 1:15:40]} 17. a3
{[%clk 1:07:20]} Ke7 {[%clk 1:15:34]} 18. f3 {[%clk 1:06:54]} Rad8
{[%clk 1:14:32]} 19. c5 {[%clk 1:02:56]} Bf5 {[%clk 1:13:13]} 20. Rc1
{[%clk 0:57:11]} Nd7 {[%clk 1:11:34]} 21. Nc4 {[%clk 0:54:30]} Nf6
{[%clk 1:09:57]} 22. Na5 {[%clk 0:50:37]} Rb8 {[%clk 1:09:26]} 23. Rfe1
{[%clk 0:48:25]} Kd8 {[%clk 1:05:49]} 24. Rcd1+ {[%clk 0:44:52]} Kc8
{[%clk 1:04:47]} 25. Rd2 {[%clk 0:43:29]} Rd8 {[%clk 1:04:56]} 26. Red1
{[%clk 0:43:24]} Rd7 {[%clk 1:02:50]} 27. Kf2 {[%clk 0:39:39]} Bxc2
{[%clk 1:02:51]} 28. Rc1 {[%clk 0:38:09]} Rxd2+ {[%clk 1:00:26]} 29. Bxd2
{[%clk 0:38:30]} Bg6 {[%clk 1:00:42]} 30. Be3 {[%clk 0:32:11]} Kd7
{[%clk 1:00:12]} 31. Rd1+ {[%clk 0:31:36]} Ke6 {[%clk 0:59:14]} 32. Bf4
{[%clk 0:30:25]} Nd5 {[%clk 0:58:41]} 33. Bg3 {[%clk 0:28:11]} b6
{[%clk 0:57:49]} 34. Nc6 {[%clk 0:25:54]} Rc8 {[%clk 0:56:36]} 35. Re1+
{[%clk 0:24:50]} Kd7 {[%clk 0:55:48]} 36. Ne5+ {[%clk 0:24:43]} Kd8 37. Nc6+
1/2-1/2

[Event "MSR2018s4"]
[Site "?"]
[Date "2018.04.24"]
[Round "6.16"]
[White "Berkova, Agata"]
[Black "Obrocnikova, Barbora"]
[Result "0-1"]
[BlackElo "1181"]
[WhiteElo "1455"]
[LiveChessVersion "1.4.8"]

1. e4 {[%clk 1:30:58]} e5 {[%clk 1:30:52]} 2. Nf3 {[%clk 1:31:14]} Nc6
{[%clk 1:31:06]} 3. Nc3 Nf6 4. Bc4 {[%clk 1:29:44]} Bc5 {[%clk 1:31:20]} 5. O-O
{[%clk 1:29:55]} d6 {[%clk 1:31:34]} 6. d3 {[%clk 1:29:01]} Bg4 {[%clk 1:31:46]}
7. Bg5 {[%clk 1:27:54]} h6 {[%clk 1:31:49]} 8. Be3 {[%clk 1:27:45]} Bb6
{[%clk 1:30:28]} 9. h3 {[%clk 1:26:34]} Bh5 {[%clk 1:30:22]} 10. Qd2
{[%clk 1:22:31]} Bxf3 {[%clk 1:29:56]} 11. gxf3 {[%clk 1:21:16]} Nh5
{[%clk 1:27:11]} 12. f4 {[%clk 1:17:15]} exf4 {[%clk 1:24:35]} 13. Bxf4
{[%clk 1:17:16]} Qh4 {[%clk 1:24:31]} 14. Nd5 {[%clk 1:12:56]} Nd4
{[%clk 1:23:39]} 15. Qe3 {[%clk 1:10:58]} Nxc2 {[%clk 1:23:04]} 16. Qf3
{[%clk 1:10:06]} Nxa1 {[%clk 1:22:55]} 17. e5 {[%clk 1:06:37]} c6
{[%clk 1:22:08]} 18. Nxb6 {[%clk 1:05:36]} axb6 {[%clk 1:22:18]} 19. exd6
{[%clk 1:05:09]} O-O {[%clk 1:22:25]} 20. Rxa1 {[%clk 1:02:37]} Nxf4
{[%clk 1:22:25]} 21. Qe4 Nxh3+ {[%clk 1:22:13]} 22. Kh1 {[%clk 0:56:37]} Nxf2+
{[%clk 1:22:13]} 23. Kg2 {[%clk 0:56:34]} Nxe4 {[%clk 1:22:20]} 24. dxe4
{[%clk 0:56:42]} Qxe4+ {[%clk 1:22:34]} 25. Kh3 {[%clk 0:56:55]} Qxc4
{[%clk 1:22:32]} 26. b3 {[%clk 0:56:30]} Qc3+ {[%clk 1:22:32]} 0-1

[Event "MSR2018s4"]
[Site "?"]
[Date "2018.04.24"]
[Round "6.17"]
[White "Vargosko, Juraj"]
[Black "Earle, Dominic James"]
[Result "0-1"]
[BlackElo "1273"]
[WhiteElo "1504"]
[LiveChessVersion "1.4.8"]

1. e4 {[%clk 1:30:58]} e6 {[%clk 1:30:56]} 2. d4 {[%clk 1:31:22]} d5
{[%clk 1:31:22]} 3. Nd2 {[%clk 1:31:46]} Nc6 {[%clk 1:31:25]} 4. Ngf3
{[%clk 1:30:51]} Nf6 {[%clk 1:30:21]} 5. e5 {[%clk 1:30:48]} Nd7 {[%clk 1:30:44]}
6. Bb5 {[%clk 1:30:31]} Be7 {[%clk 1:30:21]} 7. Nb3 {[%clk 1:29:52]} a5
{[%clk 1:27:57]} 8. Bxc6 {[%clk 1:29:26]} bxc6 {[%clk 1:28:16]} 9. a4
{[%clk 1:29:28]} c5 {[%clk 1:26:25]} 10. Qd2 {[%clk 1:27:14]} c6 {[%clk 1:26:14]}
11. dxc5 {[%clk 1:23:27]} Nxc5 {[%clk 1:26:08]} 12. Nxc5 {[%clk 1:22:43]} Bxc5
{[%clk 1:26:30]} 13. Qc3 {[%clk 1:22:19]} Bb4 {[%clk 1:26:55]} 14. Qxb4
{[%clk 1:21:46]} axb4 {[%clk 1:27:19]} 15. O-O {[%clk 1:21:55]} Ba6
{[%clk 1:27:09]} 16. Re1 {[%clk 1:20:29]} Bb5 {[%clk 1:27:06]} 17. b3
{[%clk 1:20:18]} Ba6 {[%clk 1:27:04]} 18. Be3 {[%clk 1:18:02]} Qe7
{[%clk 1:26:42]} 19. Nd4 {[%clk 1:16:46]} c5 {[%clk 1:26:07]} 20. Nf3
{[%clk 1:15:41]} d4 {[%clk 1:26:28]} 21. Bf4 {[%clk 1:15:00]} Bb7
{[%clk 1:26:38]} 22. Nd2 {[%clk 1:14:46]} Bd5 {[%clk 1:27:01]} 23. Nc4
{[%clk 1:11:44]} Bxc4 {[%clk 1:27:19]} 24. bxc4 {[%clk 1:12:08]} g5
{[%clk 1:27:28]} 25. Bd2 {[%clk 1:06:55]} Ra5 {[%clk 1:27:35]} 26. Ra2
{[%clk 0:53:28]} h6 {[%clk 1:27:40]} 27. Rea1 {[%clk 0:43:22]} O-O
{[%clk 1:27:51]} 28. Kf1 {[%clk 0:41:58]} Rfa8 {[%clk 1:28:14]} 29. g3
{[%clk 0:41:00]} Qd7 {[%clk 1:28:39]} 30. Ke2 {[%clk 0:40:31]} Rxa4
{[%clk 1:29:02]} 0-1

[Event "MSR2018s4"]
[Site "?"]
[Date "2018.04.24"]
[Round "6.18"]
[White "Cizmar, Tomas"]
[Black "Elias, David"]
[Result "0-1"]
[BlackElo "1608"]
[WhiteElo "1447"]
[LiveChessVersion "1.4.8"]

1. e4 {[%clk 1:30:59]} d5 {[%clk 1:30:45]} 2. exd5 {[%clk 1:31:14]} Qxd5
{[%clk 1:31:09]} 3. Nc3 {[%clk 1:31:26]} Qa5 {[%clk 1:31:20]} 4. Nf3
{[%clk 1:31:20]} c6 {[%clk 1:31:18]} 5. d4 {[%clk 1:31:03]} Nf6 {[%clk 1:30:54]}
6. Bd2 {[%clk 1:29:29]} Qc7 {[%clk 1:30:29]} 7. h3 {[%clk 1:27:08]} Bf5
{[%clk 1:30:08]} 8. Bc4 {[%clk 1:26:43]} e6 {[%clk 1:30:11]} 9. Ne5
{[%clk 1:24:37]} Nbd7 {[%clk 1:27:51]} 10. Bf4 {[%clk 1:22:59]} Bd6
{[%clk 1:23:43]} 11. Nxd7 {[%clk 1:22:10]} Qxd7 {[%clk 1:23:04]} 12. Bxd6
{[%clk 1:22:29]} Qxd6 {[%clk 1:23:25]} 13. O-O {[%clk 1:21:42]} O-O-O
{[%clk 1:23:22]} 14. Ne2 {[%clk 1:21:35]} h5 {[%clk 1:22:18]} 15. Qd2
{[%clk 1:20:21]} Rdg8 {[%clk 1:18:11]} 16. f4 {[%clk 1:17:59]} Ne4
{[%clk 1:18:00]} 17. Qe3 {[%clk 1:15:14]} g5 {[%clk 1:16:57]} 18. Bd3
{[%clk 1:13:21]} gxf4 {[%clk 1:12:10]} 19. Rxf4 {[%clk 1:12:33]} Nf6
{[%clk 1:11:23]} 20. Bxf5 {[%clk 1:12:31]} Nd5 {[%clk 1:00:14]} 0-1

[Event "MSR2018s4"]
[Site "?"]
[Date "2018.04.24"]
[Round "6.19"]
[White "Jura, Michal"]
[Black "Cerven, Samuel"]
[Result "0-1"]
[BlackElo "1270"]
[WhiteElo "1317"]
[LiveChessVersion "1.4.8"]

1. e4 {[%clk 1:30:55]} e5 {[%clk 1:30:53]} 2. Nf3 {[%clk 1:31:22]} Nc6
{[%clk 1:31:07]} 3. Bb5 {[%clk 1:31:43]} Bc5 {[%clk 1:29:54]} 4. c3
{[%clk 1:31:42]} Nf6 {[%clk 1:28:14]} 5. d4 {[%clk 1:31:45]} exd4
{[%clk 1:28:19]} 6. cxd4 {[%clk 1:32:06]} Bb4+ {[%clk 1:27:42]} 7. Bd2
{[%clk 1:32:15]} Bxd2+ {[%clk 1:27:49]} 8. Nbxd2 {[%clk 1:32:23]} d5
{[%clk 1:27:55]} 9. e5 {[%clk 1:32:14]} Nd7 {[%clk 1:25:07]} 10. Qc2
{[%clk 1:31:52]} Ne7 {[%clk 1:24:48]} 11. O-O {[%clk 1:31:45]} c6
{[%clk 1:24:21]} 12. Be2 {[%clk 1:31:46]} Ng6 {[%clk 1:24:39]} 13. Rfe1
{[%clk 1:31:23]} O-O {[%clk 1:24:52]} 14. Bd3 {[%clk 1:31:13]} Nb6
{[%clk 1:13:40]} 15. a4 {[%clk 1:30:15]} Be6 {[%clk 1:13:36]} 16. Nb3
{[%clk 1:27:30]} Nd7 {[%clk 1:13:34]} 17. Nfd2 {[%clk 1:27:17]} Qc7
{[%clk 1:11:31]} 18. g3 {[%clk 1:25:04]} b6 {[%clk 1:07:54]} 19. f4
{[%clk 1:24:12]} c5 {[%clk 1:06:41]} 20. dxc5 {[%clk 1:24:04]} bxc5
{[%clk 1:06:59]} 21. f5 {[%clk 1:23:59]} c4 {[%clk 1:06:52]} 22. fxe6
{[%clk 1:23:53]} Qb6+ {[%clk 1:06:42]} 23. Kh1 {[%clk 1:23:47]} cxd3
{[%clk 1:06:52]} 24. exf7+ {[%clk 1:23:46]} Rxf7 {[%clk 1:06:39]} 25. Qxd3
{[%clk 1:24:00]} Ndxe5 {[%clk 1:03:32]} 26. Qxd5 {[%clk 1:23:25]} Rd8
{[%clk 1:03:38]} 27. Qc5 {[%clk 1:22:58]} Qb7+ {[%clk 1:03:25]} 28. Kg1
{[%clk 1:22:52]} Nd3 {[%clk 1:03:35]} 29. Na5 {[%clk 1:13:31]} Nxc5
{[%clk 1:02:58]} 30. Nxb7 {[%clk 1:13:29]} Nxb7 {[%clk 1:03:21]} 31. Ne4
{[%clk 1:12:39]} Rff8 {[%clk 1:02:03]} 32. Rac1 {[%clk 1:12:05]} Rc8
{[%clk 1:01:59]} 33. Rxc8 {[%clk 1:12:10]} Rxc8 {[%clk 1:02:18]} 34. b3
{[%clk 1:11:49]} Nf8 {[%clk 0:58:08]} 35. Nf2 {[%clk 1:10:29]} Kf7
{[%clk 0:58:14]} 36. Ne4 {[%clk 1:09:59]} Ne6 {[%clk 0:57:36]} 37. Rf1+
{[%clk 1:09:17]} Ke7 {[%clk 0:57:58]} 38. Re1 {[%clk 1:09:35]} h6
{[%clk 0:57:49]} 39. g4 {[%clk 1:09:48]} Nd6 {[%clk 0:57:16]} 40. Nxd6
{[%clk 1:09:29]} Kxd6 {[%clk 0:57:31]} 41. Rd1+ {[%clk 1:09:51]} Ke7
{[%clk 0:57:49]} 42. Re1 {[%clk 1:10:14]} Rc3 {[%clk 0:58:08]} 43. Rb1
{[%clk 1:09:26]} Nc5 {[%clk 0:58:06]} 44. b4 {[%clk 1:09:48]} Nxa4
{[%clk 0:58:24]} 45. Ra1 {[%clk 1:10:12]} Nb6 {[%clk 0:57:15]} 46. Rxa7+
{[%clk 1:10:31]} Kf6 {[%clk 0:57:06]} 47. Ra6 {[%clk 1:10:54]} Rc6
{[%clk 0:57:12]} 48. b5 {[%clk 1:09:29]} Rd6 {[%clk 0:57:19]} 49. h4
{[%clk 1:09:33]} Ke5 {[%clk 0:57:32]} 50. Ra7 {[%clk 1:09:20]} g6
{[%clk 0:56:57]} 51. Re7+ {[%clk 1:09:05]} Kf4 {[%clk 0:57:07]} 52. Rh7
{[%clk 1:09:17]} g5 {[%clk 0:57:26]} 53. hxg5 {[%clk 1:09:33]} hxg5
{[%clk 0:57:53]} 54. Rh2 {[%clk 1:09:13]} Rd1+ {[%clk 0:57:45]} 55. Kg2
{[%clk 1:09:37]} Rd2+ {[%clk 0:57:42]} 56. Kg1 {[%clk 1:10:00]} Rxh2
{[%clk 0:58:10]} 57. Kxh2 {[%clk 1:10:12]} Kxg4 {[%clk 0:57:47]} 58. Kg2
{[%clk 1:10:36]} Na4 {[%clk 0:57:38]} 59. b6 {[%clk 1:10:30]} Nxb6
{[%clk 0:57:58]} 60. Kf2 {[%clk 1:10:54]} Kh3 {[%clk 0:58:25]} 61. Kg1
{[%clk 1:11:11]} g4 {[%clk 0:57:28]} 62. Kh1 {[%clk 1:11:29]} g3 {[%clk 0:57:30]}
63. Kg1 {[%clk 1:11:53]} g2 {[%clk 0:57:27]} 64. Kf2 {[%clk 1:12:18]} Kh2
{[%clk 0:57:41]} 65. Kf3 {[%clk 1:12:40]} g1=Q {[%clk 0:57:50]} 66. Ke4
{[%clk 1:13:02]} Nd5 {[%clk 0:57:56]} 67. Ke5 {[%clk 1:13:23]} Nc3
{[%clk 0:57:18]} 68. Kd6 {[%clk 1:13:38]} Qd4+ {[%clk 0:57:14]} 69. Kc6
{[%clk 1:13:58]} Qd5+ {[%clk 0:57:32]} 70. Kb6 {[%clk 1:14:09]} Na4+
{[%clk 0:57:47]} 71. Ka6 {[%clk 1:14:17]} Qc5 {[%clk 0:57:25]} 72. Kb7
{[%clk 1:14:31]} Kg3 {[%clk 0:56:41]} 73. Kb8 {[%clk 1:14:44]} Qe7
{[%clk 0:56:34]} 74. Kc8 {[%clk 1:14:51]} Nc5 {[%clk 0:56:19]} 75. Kb8
{[%clk 1:14:37]} Qb7# 0-1

[Event "MSR2018s4"]
[Site "?"]
[Date "2018.04.24"]
[Round "6.20"]
[White "Paholok, Adam"]
[Black "Dujava, Adam"]
[Result "1-0"]
[BlackElo "1251"]
[WhiteElo "1535"]
[LiveChessVersion "1.4.8"]

1. e4 {[%clk 1:30:58]} d5 {[%clk 1:30:33]} 2. exd5 {[%clk 1:31:17]} Qxd5
{[%clk 1:30:56]} 3. Nc3 {[%clk 1:31:27]} Qa5 {[%clk 1:31:07]} 4. Bc4
{[%clk 1:30:37]} Nf6 {[%clk 1:31:20]} 5. d4 {[%clk 1:29:39]} c6 {[%clk 1:31:37]}
6. h3 {[%clk 1:29:03]} Bf5 {[%clk 1:31:41]} 7. Nf3 {[%clk 1:28:51]} e6
{[%clk 1:31:43]} 8. O-O {[%clk 1:28:58]} Bd6 {[%clk 1:32:08]} 9. Re1
{[%clk 1:26:10]} Nbd7 {[%clk 1:32:14]} 10. Nh4 {[%clk 1:25:33]} O-O-O
{[%clk 1:32:24]} 11. Nxf5 {[%clk 1:25:53]} exf5 {[%clk 1:29:21]} 12. Bxf7
{[%clk 1:23:54]} h5 {[%clk 1:27:35]} 13. Qf3 {[%clk 1:14:43]} Rdf8
{[%clk 1:25:36]} 14. Be6 {[%clk 1:13:34]} Re8 {[%clk 1:25:15]} 15. Bd2
{[%clk 1:04:48]} g5 {[%clk 1:06:59]} 16. Qxf5 {[%clk 0:59:12]} Qxf5
{[%clk 1:06:57]} 17. Bxf5 {[%clk 0:59:31]} Reg8 {[%clk 1:06:43]} 18. g3
{[%clk 0:57:42]} h4 {[%clk 0:59:19]} 19. g4 {[%clk 0:56:58]} Ne8 {[%clk 0:57:39]}
20. Ne4 {[%clk 0:51:58]} Bf4 {[%clk 0:57:09]} 21. Bc3 {[%clk 0:51:17]} Rh6
{[%clk 0:56:43]} 22. Nc5 {[%clk 0:48:37]} Nef6 {[%clk 0:56:22]} 23. Re7
{[%clk 0:50:44]} Rd8 {[%clk 0:56:34]} 24. d5 {[%clk 0:48:43]} Bd6
{[%clk 0:56:39]} 25. Rf7 {[%clk 0:41:44]} Rf8 {[%clk 0:47:02]} 26. Rxf8+
{[%clk 0:40:56]} Bxf8 {[%clk 0:47:17]} 27. Bxf6 {[%clk 0:36:43]} Bxc5
{[%clk 0:47:31]} 28. Bxg5 {[%clk 0:36:12]} Rh8 {[%clk 0:47:26]} 29. Rd1
{[%clk 0:34:25]} Kc7 {[%clk 0:47:35]} 30. Bf4+ {[%clk 0:30:58]} Kd8
{[%clk 0:46:21]} 31. dxc6 {[%clk 0:30:55]} bxc6 {[%clk 0:45:58]} 32. Rxd7+
{[%clk 0:31:10]} Ke8 {[%clk 0:46:19]} 33. Rc7 {[%clk 0:30:18]} Kf8
{[%clk 0:46:26]} 34. Rc8+ {[%clk 0:30:21]} Kg7 {[%clk 0:46:49]} 35. Be5+
{[%clk 0:30:13]} Kf7 {[%clk 0:47:09]} 36. Rxh8 {[%clk 0:30:30]} a5
{[%clk 0:47:08]} 37. Rh7+ {[%clk 0:30:35]} Ke8 {[%clk 0:47:27]} 38. Bf6
{[%clk 0:30:46]} a4 {[%clk 0:47:29]} 39. Be6 {[%clk 0:30:57]} a3 {[%clk 0:47:50]}
40. b3 {[%clk 0:30:22]} Bb4 {[%clk 0:48:02]} 41. Bf5 {[%clk 0:29:44]} c5
{[%clk 0:48:12]} 42. Bg6+ {[%clk 0:29:56]} Kf8 {[%clk 0:48:20]} 43. Rh8# 1-0

[Event "MSR2018s4"]
[Site "?"]
[Date "2018.04.24"]
[Round "6.21"]
[White "Balusik, Branislav"]
[Black "Tokarcik, Jan"]
[Result "0-1"]
[BlackElo "1343"]
[WhiteElo "1161"]
[LiveChessVersion "1.4.8"]

1. e4 {[%clk 1:30:58]} e5 {[%clk 1:30:52]} 2. Nf3 {[%clk 1:31:25]} Nc6
{[%clk 1:31:11]} 3. Bc4 {[%clk 1:31:46]} Nf6 {[%clk 1:31:34]} 4. d3
{[%clk 1:32:04]} d6 {[%clk 1:31:08]} 5. h3 {[%clk 1:32:21]} Be7 {[%clk 1:31:08]}
6. Nc3 {[%clk 1:32:37]} O-O {[%clk 1:30:45]} 7. Be3 {[%clk 1:32:49]} Be6
{[%clk 1:30:28]} 8. b3 {[%clk 1:32:30]} d5 {[%clk 1:29:33]} 9. Bb5
{[%clk 1:32:13]} d4 {[%clk 1:29:27]} 10. Bd2 {[%clk 1:31:33]} dxc3 11. Bxc3
{[%clk 1:31:49]} Nd4 {[%clk 1:29:15]} 12. Ba4 {[%clk 1:31:21]} c6
{[%clk 1:29:21]} 13. b4 {[%clk 1:30:53]} b5 {[%clk 1:29:21]} 14. Bb3
{[%clk 1:30:53]} Bxb3 {[%clk 1:28:05]} 15. axb3 {[%clk 1:31:24]} Nxf3+
{[%clk 1:27:38]} 16. Qxf3 Qc7 {[%clk 1:26:21]} 17. Qf5 {[%clk 1:30:32]} Rfe8
{[%clk 1:26:26]} 18. Bxe5 {[%clk 1:30:21]} Bxb4+ {[%clk 1:26:40]} 19. c3
{[%clk 1:30:02]} Rxe5 {[%clk 1:26:40]} 20. Qf3 {[%clk 1:30:02]} Bxc3+
{[%clk 1:26:40]} 21. Ke2 {[%clk 1:30:02]} Bxa1 {[%clk 1:26:40]} 22. Rxa1
{[%clk 1:30:02]} Rae8 {[%clk 1:26:40]} 23. Kf1 {[%clk 1:30:02]} Nxe4
{[%clk 1:27:04]} 24. dxe4 {[%clk 1:29:29]} Rxe4 {[%clk 1:27:14]} 25. Qc3
{[%clk 1:29:31]} Qh2 {[%clk 1:26:53]} 26. f3 {[%clk 1:29:31]} Re2
{[%clk 1:26:43]} 0-1

[Event "MSR2018s4"]
[Site "?"]
[Date "2018.04.24"]
[Round "6.22"]
[White "Orgon, Jakub"]
[Black "Carnecky, Viliam"]
[Result "0-1"]
[BlackElo "1253"]
[WhiteElo "1218"]
[LiveChessVersion "1.4.8"]

1. e4 {[%clk 1:30:49]} e5 {[%clk 1:30:55]} 2. f4 {[%clk 1:31:11]} Nc6
{[%clk 1:31:00]} 3. Nf3 {[%clk 1:31:31]} Bc5 {[%clk 1:30:39]} 4. Bc4
{[%clk 1:31:51]} Nf6 {[%clk 1:30:49]} 5. Nc3 {[%clk 1:32:05]} d6 {[%clk 1:30:47]}
6. fxe5 dxe5 {[%clk 1:31:09]} 7. Nd5 {[%clk 1:21:59]} Nxe4 {[%clk 1:30:37]} 8.
Nxe5 Nxe5 {[%clk 1:30:39]} 9. d4 {[%clk 1:21:48]} Nxc4 {[%clk 1:29:48]} 10. dxc5
{[%clk 1:22:11]} c6 {[%clk 1:29:11]} 11. Ne3 {[%clk 1:22:22]} Nxe3
{[%clk 1:29:00]} 12. Qxd8+ Kxd8 {[%clk 1:29:04]} 13. Bxe3 {[%clk 1:23:01]} Be6
{[%clk 1:28:28]} 14. O-O-O+ {[%clk 1:23:07]} Ke7 {[%clk 1:26:05]} 15. Kb1
{[%clk 1:22:24]} Rhd8 {[%clk 1:26:09]} 16. Rhf1 {[%clk 1:21:11]} Rxd1+
{[%clk 1:24:49]} 17. Rxd1 {[%clk 1:21:32]} Rd8 {[%clk 1:25:08]} 18. Rd3
{[%clk 1:19:18]} Rxd3 {[%clk 1:24:06]} 19. cxd3 {[%clk 1:19:42]} Nf6
{[%clk 1:24:24]} 20. d4 {[%clk 1:19:56]} Bd5 {[%clk 1:24:34]} 21. g3
{[%clk 1:18:05]} b6 {[%clk 1:24:22]} 22. Bf4 {[%clk 1:17:48]} bxc5
{[%clk 1:24:31]} 23. dxc5 {[%clk 1:17:58]} Ne4 {[%clk 1:24:49]} 24. Be3
{[%clk 1:17:08]} Ke6 {[%clk 1:24:51]} 25. Bd4 {[%clk 1:16:55]} g6
{[%clk 1:25:03]} 26. a3 {[%clk 1:16:52]} Nd2+ {[%clk 1:25:09]} 27. Kc2
{[%clk 1:17:03]} Nf3 {[%clk 1:25:01]} 28. Bf2 {[%clk 1:16:38]} Nxh2
{[%clk 1:25:12]} 29. Kc3 {[%clk 1:16:29]} Ng4 {[%clk 1:24:55]} 30. Bg1
{[%clk 1:15:53]} Ne5 {[%clk 1:24:46]} 31. Kb4 {[%clk 1:15:25]} Bc4
{[%clk 1:24:42]} 32. b3 {[%clk 1:14:54]} Be2 {[%clk 1:24:45]} 33. Ka5
{[%clk 1:15:05]} a6 {[%clk 1:24:55]} 34. Kb6 {[%clk 1:14:17]} h5 {[%clk 1:25:04]}
35. Bd4 {[%clk 1:14:26]} f5 {[%clk 1:23:33]} 36. Bxe5 {[%clk 1:13:59]} Kxe5
{[%clk 1:23:40]} 37. Kxc6 {[%clk 1:14:23]} f4 {[%clk 1:23:55]} 38. gxf4+
{[%clk 1:14:28]} Kxf4 {[%clk 1:24:08]} 39. Kb6 {[%clk 1:14:52]} h4
{[%clk 1:24:24]} 40. c6 {[%clk 1:15:13]} h3 {[%clk 1:24:47]} 41. c7
{[%clk 1:15:28]} Bg4 {[%clk 1:25:01]} 42. Kxa6 {[%clk 1:15:28]} h2
{[%clk 1:25:25]} 43. b4 {[%clk 1:15:48]} h1=Q {[%clk 1:25:44]} 44. b5
{[%clk 1:16:12]} Qa8+ {[%clk 1:25:12]} 45. Kb6 {[%clk 1:16:32]} Bc8
{[%clk 1:25:25]} 0-1